Real estate tax shelter desk book
| Format: | Book |
|---|---|
| Published: |
Englewood Cliffs, N.J. :
IBP ,
1982
|
| Subjects: |
MARC
| LEADER | 00000cam a2200000 7i4500 | ||
|---|---|---|---|
| 001 | 0000001333 | ||
| 005 | 20050701.0 | ||
| 040 | |a INS | ||
| 090 | 0 | 0 | |a KF6535. |b R43 1982 |
| 245 | 0 | 0 | |a Real estate tax shelter desk book |c Ed. Mark Lee Levine |
| 260 | |a Englewood Cliffs, N.J. : |b IBP , |c 1982 | ||
| 300 | |a xxivp : |b 463p ; |c 23cm. | ||
| 650 | 0 | 0 | |a Real property and taxation |z United states |
| 650 | 0 | 0 | |a Tax Shelter |x law and legislation |z United States |
| 999 | |a 0000001132 |b BOOK |c Open Shelf |e Default branch | ||